Deň uskutočnenia účtovného prípadu ako kľúčový moment identifikácie vzniku účtovného prípadu bakalárska práca

Saved in:
Bibliographic Details
Main Author: Múčková, Rebeca
Corporate Author: Fakulta hospodárskej informatiky EU. Katedra účtovníctva a audítorstva
Other Authors: Kadlečíková, Oľga, 1973-
Format: Book
Language:Slovak
Published: Bratislava 2024
Tags: Add Tag
No Tags, Be the first to tag this record!

MARC

LEADER 00000nbm a2200000 4500
001 0302674
005 20250131110826.4
041 0 |a slo 
044 |a SK 
245 1 0 |a Deň uskutočnenia účtovného prípadu ako kľúčový moment identifikácie vzniku účtovného prípadu  |b bakalárska práca  |c Rebeca Múčková ; školiteľ: Oľga Kadlečíková 
264 1 |a Bratislava  |c 2024 
300 |a 48 s. 
100 1 |a Múčková, Rebeca 
700 1 |a Kadlečíková, Oľga, 1973- 
710 2 |a Fakulta hospodárskej informatiky EU. Katedra účtovníctva a audítorstva